000 00437nam a2200145 4500
001 124108
003 ES-MaACL
007 t|
008 070214s1953 sp r ||||1| spa d
100 1 _aRaper, Howard Riley.
_995453
245 1 3 _aEl hombre contra el dolor
_b: historia de la anestesia /
_cHoward Riley Raper.
260 _aBarcelona :
_bSalvat,
_c1953.
300 _a417 p., 12 lám. ;
_c21 cm.
852 _aES-MaACL
_jC-5796
_bR.35031
999 _c124108
_d124108